Hydinu kupujeme najmä v akciách
Hydinové mäso nakupuje slovenská domácnosť v priemere každé tri týždne. Najčastejšie v supermarketoch a hypermarketoch. Ročná produkcia hydiny na Slovensku.
Salvato in:
| Natura: | Capitolo di libro |
|---|---|
| Lingua: | slovacco |
| Soggetti: | |
| Tags: |
Nessun Tag, puoi essere il primo ad aggiungerne!!
|
MARC
| LEADER | 00000naa a2200000 4500 | ||
|---|---|---|---|
| 001 | 0204813 | ||
| 005 | 20231208070707.2 | ||
| 041 | 0 | |a slo | |
| 044 | |a SK | ||
| 245 | 1 | 0 | |a Hydinu kupujeme najmä v akciách |
| 520 | |a Hydinové mäso nakupuje slovenská domácnosť v priemere každé tri týždne. Najčastejšie v supermarketoch a hypermarketoch. Ročná produkcia hydiny na Slovensku. | ||
| 610 | 2 | 0 | |a hydina |
| 610 | 2 | 0 | |a predaj |
| 610 | 2 | 0 | |a spotreba |
| 610 | 2 | 0 | |a produkcia |
| 610 | 2 | 0 | |a Slovensko |